000 00726nam a22002050 4500
003 PILC
005 20150824123020.0
008 990708s1971 eng
050 0 0 _aCB 156
_b.D331 1971
100 1 _aDaniken, Erich von,
_d1935-
245 1 0 _aChariots of the gods? :
_bunsolved mysteries of the past /
_cErich von Daniken ; translated by Michael Heron.
250 _aBantem edition.
260 _aNew York :
_bBantam Books,
_c1971.
300 _aix, 163 pages :
_billustrations ;
_c18 cm.
440 2 _aA Bantam book.
500 _aOriginally published: New York : Putnam, 1970.
650 0 _aCivilization, Ancient
_xExtraterrestrial influences.
650 0 _aLife on other planets.
942 _2lcc
_cBK
_kFOR
999 _c288451
_d288451